El proceso de transición en Nicaragua /
Gorde:
| Egile nagusia: | |
|---|---|
| Formatua: | Texto |
| Gaiak: | |
| Etiketak: |
Etiketa erantsi
Etiketarik gabe, Izan zaitez lehena erregistro honi etiketa jartzen!
|
MARC
| LEADER | 00000 a a2200000 04500 | ||
|---|---|---|---|
| 001 | 47600 | ||
| 003 | |||
| 040 | |||
| 090 | |a REV0857 8 (21) 1982 | ||
| 100 | |a Núñez Soto, Orlando | ||
| 245 | |a El proceso de transición en Nicaragua / |c Orlando Núñez Soto | ||
| 650 | |a TRANSFORMACION | ||
| 650 | |a REVOLUCION | ||
| 650 | |a SOCIALISMO | ||
| 650 | |a PARTICIPACION | ||
| 773 | |g volumen8, número21, enero-mayo (1982) | ||
| 999 | |c 34420 |d 34420 | ||
